Elastic-plastic fracture test methods : (Record no. 13130)

000 -LEADER
fixed length control field 00801cam a2200229 a 4500
020 ## - INTERNATIONAL STANDARD BOOK NUMBER
ISBN 0803104197
040 ## - CATALOGING SOURCE
Transcribing agency DLC
082 00 - DEWEY DECIMAL CLASSIFICATION NUMBER
Classification number 620 AST 1985 A045 Or.
245 00 - TITLE STATEMENT
Title Elastic-plastic fracture test methods :
Remainder of title the user's experience : a symposium, Louisville, KY, 20-22 April 1983 /
260 ## - PUBLICATION, DISTRIBUTION, ETC. (IMPRINT)
Place of publication Philadelphia, PA :
Name of publisher ASTM,
Year of publication c1985.
300 ## - PHYSICAL DESCRIPTION
Number of Pages 424 p. :
Other physical details ill. ;
Dimensions 24 cm.
500 ## - GENERAL NOTE
General note Papers presented at the Symposium on User's Experience with Elastic-Plastic Fracture Toughness Test Methods.
500 ## - GENERAL NOTE
General note "ASTM publication code number (PCN) 04-856000-30."
650 #0 - SUBJECT ADDED ENTRY--TOPICAL TERM
Topical Term Fracture mechanics
650 #0 - SUBJECT ADDED ENTRY--TOPICAL TERM
Topical Term Materials
650 #0 - SUBJECT ADDED ENTRY--TOPICAL TERM
Topical Term Elasticity
650 #0 - SUBJECT ADDED ENTRY--TOPICAL TERM
Topical Term Plasticity
700 1# - ADDED ENTRY--PERSONAL NAME
Personal name Wessel, E. T.
700 1# - ADDED ENTRY--PERSONAL NAME
Personal name Loss, F. J.
710 2# - ADDED ENTRY--CORPORATE NAME
Corporate name or jurisdiction name as entry element ASTM Committee E-24 on Fracture Testing.
942 ## - ADDED ENTRY ELEMENTS (KOHA)
Koha item type សៀវភៅភាសាអង់គ្លេស
952 ## - LOCATION AND ITEM INFORMATION (KOHA)
Withdrawn status [LOCAL, KOHA] 0
952 ## - LOCATION AND ITEM INFORMATION (KOHA)
Withdrawn status [LOCAL, KOHA] 0
Holdings
Permanent Location Date acquired Koha item type Lost status Shelving location Barcode Current Location Full call number
Library Block A2017-08-20សៀវភៅភាសាអង់គ្លេស A047A21418Library Block A620 AST 1985 A045 Or.
Library Block A2017-08-28សៀវភៅភាសាអង់គ្លេស A047A21191Library Block A620 AST 1985 A047 Or.
មជ្ឈមណ្ឌលឯការនៃសាកលវិទ្យាល័យភូមិន្ទកសិកម្មចំការដូង

Powered by Koha